000 00658nam a2200217Ia 4500
001 13616
003 GE_BSU
008 181216s||||||||xx |||||||||||||| ||und||
040 _cGE_BSU
080 _a621.3.01
100 _aНестеренко,А.Д.
245 _aВведение в теоретическую электротехнику.
245 _bУчебное пособие.
245 _cРед. П.Я.Фурер.
260 _aКиев.
260 _bНаукова Думка.
260 _c1969.
300 _a352 стр. 27см.
653 _aВведение в теоретическую электротехнику.
942 _cBK
999 _c46772
_d46772